| 000 | 02029nam a2200469Ii 4500 | ||
|---|---|---|---|
| 001 | DIGEDBONAV0220 | ||
| 003 | NyNyDIG | ||
| 008 | 230614s2016 ck ad ob 000 0 spa d | ||
| 006 | m o d | ||
| 007 | cr ||||||||||| | ||
| 035 | _a(OCoLC)1386279559 | ||
| 040 |
_aDGITA _beng _erda _epn _cDGITA |
||
| 020 | _z9789588785844 | ||
| 043 | _as-ck--- | ||
| 050 | 1 | 4 | _aF2299.B55 ebook |
| 245 | 0 | 0 |
_aMemorias del desarraigo y la resistencia afro en Cali : _baportes interdisciplinares para el estudio del conflicto en Colombia / _cHelwar H. Figueroa Salamanca, Álvaro Cepeda van Houten (editores). |
| 264 | 1 |
_a[Cali], Colombia, Sur América : _bEditorial Bonaventuriana, _c[2016] |
|
| 300 |
_a1 online resource : _billustrations, charts. |
||
| 336 |
_atext _btxt _2rdacontent |
||
| 337 |
_acomputer _bc _2rdamedia |
||
| 338 |
_aonline resource _bcr _2rdacarrier |
||
| 347 |
_atext file _2rdaft |
||
| 347 | _bPDF | ||
| 504 | _aIncludes bibliographical references. | ||
| 588 | 0 | _aOnline resource; title from PDF title page (Digitalia, viewed June 14, 2023) | |
| 650 | 0 |
_aBlack people _zColombia _zCali _xSocial conditions. |
|
| 650 | 0 |
_aBlack people _zColombia _zCali _xSocial life and customs. |
|
| 650 | 0 |
_aBlack people _xRelocation _zColombia. |
|
| 650 | 0 |
_aRefugees _zColombia _zCali. |
|
| 650 | 0 |
_aForced migration _zColombia. |
|
| 650 | 0 |
_aBlack people _zColombia _xSocial conditions. |
|
| 650 | 0 |
_aBlack people _zColombia _xGovernment relations. |
|
| 700 | 1 |
_aFigueroa, Helwar, _eeditor. |
|
| 700 | 1 |
_aCepeda van Houten, Álvaro, _eeditor. |
|
| 791 | 2 |
_aDigitalia (Firm), _edistributor. |
|
| 793 | 0 |
_gDigitalia eBook Collection: _aEditorial Bonaventuriana |
|
| 776 | 0 | 8 |
_iPrint version: _tMemorias del desarraigo y la resistencia afro en Cali. _d[Cali], Colombia, Sur América : Editorial Bonaventuriana, 2016 _z9789588785844 |
| 830 | 0 | _aColección Humanidades. | |
| 856 | 4 | 0 |
_3Digitalia Hispánica _uhttps://www.digitaliapublishing.com/a/125148/ |
| 910 | _aPremium collection: 2023 | ||
| 942 | _cRAA | ||
| 999 |
_c277145 _d277145 |
||